000 008080000a22002530004500
001 52441
010 _a972-8101-87-2
021 _aPT
_b239010/06
100 _a20170315d2017 k y0pory5003 ba
101 0 _aeng
102 _aPT
200 1 _aA scandal in Bohemia
_fArthur Conan Doyle
_gadapt. Richard Trewinnard
_gil. Richard Ferrand
210 _aLisboa
_cA Folha Cultural
_d2006
215 _a31 p.
_cil.
606 _92117
_aLiteratura inglesa
_xConto
675 _a821.111-93
_vBN
_zpor
675 _a821.111-34
_vBN
_zpor
700 1 _917661
_aDoyle
_bArthur Conan
_f1859-1930
702 1 _945768
_4010
_aTrewinnard
_bRichard
702 _919280
_4440
_aFerrand
_bRicardo
801 _aPT
_c20170315
090 _a52441
942 _cMON
_n0
999 _a52441